000 00420nam a22001817a 4500
003 OSt
005 20260407121518.0
008 260407b |||||||| |||| 00| 0 eng d
020 _a9789387464308
082 _a8H1.4337
_bKAUT
100 _aKaul, Manav
245 _aTumhare baare me
260 _aNew Delhi
_bHind Yugm
_c2025
300 _a208p
546 _aEnglish
650 _aHindi Literature
942 _2ddc
_cBK
999 _c3987
_d3987